000 00583nam a22001697a 4500
003 NUST
038 _aNusrat Nadeem
082 _a200
100 _aNazir Sadia
_9124182
245 _aEvaluating the Role of Inflammation In Glioblastoma Multiform Induced Depression Disorder for Alternate Therapeutics/
_cSadia Nazir
264 _aIslamabad;
_bASAB NUST;
_c2022.
300 _a181,p;
_bill;
_c30,cm.
650 _aPhD-Applied Biosciences
_9123210
700 _aSupervisor:Dr.Aneela Javed
_9122394
856 _uhttp://10.250.8.41:8080/xmlui/handle/123456789/31987
942 _2ddc
_cSC
999 _c610121
_d610121